000 00619cam a2200181 4500
005 20250901165610.0
008 710601s1971 nyuabh b 001 0 eng
010 _a 78146065
020 _a0690230346
050 0 0 _aGN24 .H23 1971
_b.H23
082 0 0 _a301.2
100 1 _aHarris, Marvin,
_d1927-2001.
245 1 0 _aCulture, man, and nature;
_ban introduction to general anthropology.
260 _aNew York,
_bCrowell
_c[1971]
300 _axxv, 660 p.
_billus., facsim., maps.
_c25 cm.
500 _aSecond ed. published in 1975 under title: Culture, people, nature.
942 _2lcc
_hGN24 .H23 1971
999 _c6455
_d6455